quizz de la prépa - Statistiques

Statistiques générales
  • Ce quiz a été pris 8 fois
  • Le résultat moyen est 11 sur 19
Statistiques - réponses
Hint Réponse % Correct
jean ricardou « Le roman n’est désormais plus l’écriture d’une aventure mais _'______ _'__ _____ » l'aventure d'une écriture
80%
Proust « chaque lecteur est quand il lit, le propre lecteur de ___-____ » soi-même
80%
proust « le livre est le produit d’un _____ ___ » autre moi
60%
Diderot, Éloge de Richardson : « Par un roman, on a entendu jusqu’à ce jour un tissu d’évènements ______ __ _____» chimériques et frivoles
60%
Naza « j’aimerais dire j’adore, mais on adore que ___ » dieu
60%
Baudelaire « le roman qui tient une place si importante au coté du poème et de l’histoire, est un ____ ______ dont le domaine est vraiment sans limites » genre batard
60%
maupassant « Les grands artistes sont ceux qui imposent à l’humanité leur ______ ________. » illusion particulière
60%
Zola, Lettre à Henri Céard, : « J’ai l’hypertrophie du détail vrai, le saut dans les étoiles sur le tremplin de _'_________ ______. La vérité monte d’un coup d’ailes jusqu’au symbole. » l'observation exacte
60%
stendhal, le rouge et le noir «Eh, monsieur, un roman est un _____ qui se promène sur une grande route» miroir
60%
roland barthes «la naissance du lecteur doit se payer de la ____ __ _'_____» mort de l'auteur
60%
umberto eco « mais dans le texte, d’une certaine facon, je désire l’auteur : j’ai besoin de __ _____ comme il a besoin de la mienne » sa figure
60%
Zola, Mes Haines : « Une œuvre d’art est un coin de la création vu à travers un ________». tempérament
60%
hugo, contemplations: « Ah insensé, qui crois que je ne suis pas ___ ! » toi
60%
baudelaire « la lyre fuit volontiers tous les _____ dont le roman se régale » détails
40%
nathalie piegay gros « toute entreprise qui viserait a définir le roman est hasardeuse ; elle serait le fait d’un esprit faux qui n’entend pas ce qui fait la spécificité du genre : son _________ » indétermination
40%
rousseau « Je forme une entreprise qui n’eut ____ _' _____ et dont l’exécution n’aura point d’imitateur. » jamais d'exemple
40%
nicolas boileau « vingt fois sur le ____, remettez votre ouvrage » métier
40%
Paul valéry « ce qui fait un ouvrage n’est pas celui qui y ___ __ ___ » met son nom
40%
victor hugo « Peuples ! écoutez le poète ! Ecoutez le _____ ____! Dans votre nuit, sans lui complète, Lui seul a le front éclairé» rêveur sacré
40%
Aucun quiz correspondant
Distribution des résultats
% des personnes avec chaque résultat
Percentile par nombre de réponses
Votre historique - résultats
Vous n’avez pas pris ce quiz